000 00265nam a2200109Ia 4500
008 190216s9999||||xx |||||||||||||| ||und||
100 _aHiranmayi Banerjee
245 0 _aEaswarchandra Vidyasagar
260 _bNbs Kottayam
650 _aJeeva Charithram
942 _cBK
999 _c24799
_d24799